[Event "DEN-ch KK 2020"]
[Site "Svendborg"]
[Date "2020.10.15"]
[Round "4.3"]
[White "Thorsbro, Peter"]
[Black "Hansen, Lars Bo"]
[Result "1-0"]
[WhiteElo "2165"]
[BlackElo "2560"]
[Annotator "TA"]
[PlyCount "77"]
[EventDate "2020.10.09"]
[EventType "tourn"]
[EventCountry "DEN"]
[SourceTitle "playchess.com"]
[Source "ChessBase"]
[SourceQuality "1"]

{[%evp 10,77,15,11,29,16,29,15,35,27,37,-13,22,20,75,86,75,65,78,16,14,-14,0,7,149,141,185,191,264,262,256,250,334,319,309,245,252,262,552,329,342,334,335,325,340,233,223,0,328,344,324,345,348,346,374,339,316,315,310,285,341,343,347,354,350,343,515,511,592,596]} 1. d4 e6 2. Bf4 Nf6 3. e3 b6 4. Nf3 Bb7 5. Nbd2 d6 6. Bd3 Nbd7 {A47: 1 d4 Nf6 2 Nf3 b6: Torre, London and Colle Systems.} 7. Qe2 a6 8. c3 Be7 {[#] The position is equal.} 9. e4 $146 ({Predecessor:} 9. h3 c5 10. O-O b5 11. a3 c4 12. Bc2 Nf8 13. b3 d5 14. bxc4 dxc4 15. a4 {1-0 (56) Gimenez Aldecocea,J (1387)-Biscarri Candalia,O (1284) Gran Canaria 2019}) 9... O-O 10. O-O-O Nh5 11. Be3 e5 (11... Nhf6 $11 {keeps the balance.}) 12. dxe5 Nxe5 13. Nxe5 dxe5 14. Bc4 (14. Nf3 $16) 14... Nf6 $11 15. Nf3 {[%cal Bd2f3,Bf3e5,Be5d7][%mdl 32]} Qe8 16. Nxe5 Nxe4 {[#]} (16... b5 $11 {remains equal.} 17. Bd3 Bd6) 17. Nd7 $1 $36 {[%mdl 2048] Black is under strong pressure.} b5 18. Bb3 (18. Nxf8 $6 bxc4 19. Nd7 Nxc3 $14) 18... Bc5 (18... a5 $142) 19. Rhe1 $18 ({Stronger than} 19. Bxc5 Nxc5 20. Qxe8 Nxb3+ 21. axb3 Rfxe8 $11) 19... Bd6 20. Nxf8 Kxf8 21. f3 Nf6 22. Bg5 Qxe2 23. Rxe2 Nd7 $2 (23... Rb8 {is a better defense.} 24. Kc2 h6) 24. Rxd6 cxd6 25. Re7 Nc5 26. Rxf7+ Ke8 27. Re7+ Kf8 28. Rf7+ (28. Kb1 $142 Nxb3 29. Rxb7) 28... Ke8 29. Rxg7 Nxb3+ 30. axb3 {[%mdl 4096] Endgame KRB-KRB} Bd5 31. Rxh7 Bg8 32. Re7+ Kf8 33. Rd7 Bxb3 34. Rxd6 Kf7 35. h4 Re8 {[#] White must now prevent ...Re1+.} 36. Kd2 ({Don't take} 36. Rxa6 Re2) 36... Bc4 37. Be3 ({Weaker is} 37. Rxa6 Re2+ 38. Kc1 Re1+ 39. Kd2 Re2+ 40. Kd1 Rxg2 $18) 37... Bf1 (37... Rh8 $142 38. g3 a5) 38. g4 a5 39. h5 {Av CentiPawn Loss W=-16/B=-43. Weighted=-24/-43} 1-0

[Event "DEN-ch KK 2020"]
[Site "Svendborg"]
[Date "2020.10.15"]
[Round "4.4"]
[White "Haubro, Sigfred"]
[Black "Kakulidis, Ellen"]
[Result "1-0"]
[WhiteElo "2163"]
[BlackElo "2073"]
[Annotator "ChessBase"]
[PlyCount "161"]
[EventDate "2020.10.09"]
[EventType "tourn"]
[EventCountry "DEN"]
[SourceTitle "playchess.com"]
[Source "ChessBase"]
[SourceQuality "1"]
[TimeControl "40/5400+30:1800+30"]

1. Nf3 {[%emt 0:00:00]} d5 2. d4 {[%emt 0:00:00]} Nf6 {[%emt 0:00:00]} 3. e3 {[%emt 0:00:06]} c5 {[%emt 0:00:04]} 4. b3 {[%emt 0:00:32]} Nbd7 {[%emt 0:00:26]} 5. Bd3 {[%emt 0:01:21]} g6 {[%emt 0:00:18]} 6. O-O {[%emt 0:00:29]} Bg7 {[%emt 0:00:08]} 7. Bb2 {[%emt 0:01:46]} O-O {[%emt 0:00:25]} 8. Nbd2 {[%emt 0:00:50]} b6 {[%emt 0:01:29]} 9. c4 {[%emt 0:03:28]} Bb7 {[%emt 0:03:40]} 10. Rc1 {[%emt 0:01:53]} Rc8 {[%emt 0:04:14]} 11. Qe2 {[%emt 0:04:42]} cxd4 {[%emt 0:10:22]} 12. exd4 {[%emt 0:04:38]} e6 {[%emt 0:00:38]} 13. Rcd1 {[%emt 0:06:09]} Qc7 {[%emt 0:09:17]} 14. Ne5 {[%emt 0:07:26]} dxc4 {[%emt 0:05:27]} 15. bxc4 {[%emt 0:00:58]} Nxe5 {[%emt 0:01:24]} 16. dxe5 {[%emt 0:00:09]} Nd7 {[%emt 0:00:51]} 17. f4 {[%emt 0:05:34]} Nc5 {[%emt 0:02:32]} 18. Bc2 {[%emt 0:05:06]} Rfd8 {[%emt 0:03:47]} 19. Rc1 {[%emt 0:12:18]} Rd7 {[%emt 0:05:45]} 20. Nf3 {[%emt 0:07:12]} Rcd8 {[%emt 0:09:15]} 21. Rfd1 {[%emt 0:05:33]} Bh6 {[%emt 0:01:16]} 22. Ng5 {[%emt 0:06:29]} Qc6 {[%emt 0:02:38]} 23. Rxd7 {[%emt 0:01:15]} Rxd7 {[%emt 0:00:20]} 24. Ba3 {[%emt 0:05:54]} Rd4 {[%emt 0:11:30]} 25. Rf1 {[%emt 0:02:50]} Ba6 {[%emt 0:03:26]} 26. Qf2 {[%emt 0:01:28]} Qd7 {[%emt 0:06:25]} 27. Bxc5 {[%emt 0:00:50]} bxc5 {[%emt 0:00:05]} 28. Ne4 {[%emt 0:00:13]} Rxe4 {[%emt 0:04:21]} 29. Bxe4 {[%emt 0:02:21]} Bxc4 {[%emt 0:00:18]} 30. Rc1 {[%emt 0:03:06]} Bd3 {[%emt 0:05:03]} 31. Bxd3 {[%emt 0:04:12]} Qxd3 {[%emt 0:00:06]} 32. g3 {[%emt 0:00:39]} Bf8 {[%emt 0:00:30]} 33. Qc2 {[%emt 0:00:20]} Qe3+ {[%emt 0:00:43]} 34. Kg2 {[%emt 0:00:06]} Qa3 {[%emt 0:02:27]} 35. Rd1 {[%emt 0:00:45]} Qa6 {[%emt 0:01:46]} 36. Rd8 {[%emt 0:01:49]} Kg7 {[%emt 0:01:20]} 37. h4 {[%emt 0:00:56]} Qc6+ {[%emt 0:00:15]} 38. Kh2 {[%emt 0:00:09]} c4 {[%emt 0:01:11]} 39. Qc3 {[%emt 0:01:47]} Qa4 {[%emt 0:01:42]} 40. Rd2 {[%emt 0:00:37]} Bb4 {[%emt 0:02:18]} 41. Qxc4 {[%emt 0:30:44]} Qa3 {[%emt 0:30:11]} 42. Rc2 {[%emt 0:03:03]} Be1 {[%emt 0:02:15]} 43. Qb3 {[%emt 0:00:00]} Qxb3 {[%emt 0:00:00]} 44. axb3 {[%emt 0:00:00]} a5 {[%emt 0:00:00]} 45. Kh3 {[%emt 0:00:00]} h6 {[%emt 0:00:00]} 46. Rc1 {[%emt 0:00:00]} Bd2 {[%emt 0:00:00]} 47. Rd1 {[%emt 0:00:00]} Bc3 {[%emt 0:00:00]} 48. Rd3 {[%emt 0:00:00]} Be1 {[%emt 0:00:00]} 49. Kg4 {[%emt 0:00:00]} h5+ {[%emt 0:00:00]} 50. Kf3 {[%emt 0:00:00]} Kf8 {[%emt 0:00:00]} 51. Rd1 {[%emt 0:00:00]} Bb4 {[%emt 0:00:00]} 52. Ke4 {[%emt 0:00:00]} Ke7 {[%emt 0:00:00]} 53. Rc1 {[%emt 0:00:00]} Kd7 {[%emt 0:00:00]} 54. Kf3 {[%emt 0:00:00]} Ba3 {[%emt 0:00:00]} 55. Rc2 {[%emt 0:00:00]} Bb4 {[%emt 0:00:00]} 56. Kg2 {[%emt 0:00:00]} Be1 {[%emt 0:00:00]} 57. Kh3 {[%emt 0:00:00]} Bb4 {[%emt 0:00:00]} 58. g4 {[%emt 0:00:00]} hxg4+ {[%emt 0:00:00]} 59. Kxg4 {[%emt 0:00:00]} Ke7 {[%emt 0:00:00]} 60. Kg5 {[%emt 0:00:00]} Kf8 {[%emt 0:00:00]} 61. h5 {[%emt 0:00:00]} gxh5 {[%emt 0:00:00]} 62. Kxh5 {[%emt 0:00:00]} Kg7 {[%emt 0:00:00]} 63. Kg4 {[%emt 0:00:00]} Kg6 {[%emt 0:00:00]} 64. Rc6 {[%emt 0:00:00]} Kg7 {[%emt 0:00:00]} 65. f5 {[%emt 0:00:00]} exf5+ {[%emt 0:00:00]} 66. Kxf5 {[%emt 0:00:00]} Be1 {[%emt 0:00:00]} 67. e6 {[%emt 0:00:00]} fxe6+ {[%emt 0:00:00]} 68. Kxe6 {[%emt 0:00:00]} Bb4 {[%emt 0:00:36]} 69. Rc7+ {[%emt 0:00:00]} Kg6 {[%emt 0:01:47]} 70. Rf7 {[%emt 0:00:00]} Bc3 {[%emt 0:00:47]} 71. Rf2 {[%emt 0:00:00]} Kg5 {[%emt 0:00:31]} 72. Kd5 {[%emt 0:00:00]} Be1 {[%emt 0:00:59]} 73. Rf1 {[%emt 0:00:00]} Bb4 {[%emt 0:00:37]} 74. Kc4 {[%emt 0:00:00]} Kg6 {[%emt 0:00:15]} 75. Kb5 {[%emt 0:00:00]} Kg5 {[%emt 0:03:42]} 76. Ra1 {[%emt 0:00:00]} Kf6 {[%emt 0:00:42]} 77. Rxa5 {[%emt 0:00:00]} Bxa5 {[%emt 0:00:09]} 78. Kxa5 {[%emt 0:00:00]} Ke6 {[%emt 0:02:47]} 79. Kb6 {[%emt 0:00:00]} Kd6 {[%emt 0:00:44]} 80. b4 {[%emt 0:00:02]} Kd7 {[%emt 0:00:17]} 81. Kb7 {[%emt 0:00:07]} 1-0

[Event "DEN-ch KK 2020"]
[Site "Svendborg"]
[Date "2020.10.15"]
[Round "4.5"]
[White "Matthiesen, Martin"]
[Black "Thuesen, Mogens"]
[Result "0-1"]
[WhiteElo "2301"]
[BlackElo "2210"]
[Annotator "TA"]
[PlyCount "104"]
[EventDate "2020.10.09"]
[EventType "tourn"]
[EventCountry "DEN"]
[SourceTitle "playchess.com"]
[Source "ChessBase"]
[SourceQuality "1"]

{[%evp 24,104,17,5,16,21,30,0,0,0,0,0,0,0,0,0,18,0,0,0,18,-23,-31,-163,-166,-159,-119,-239,-243,-437,-414,-619,-617,-722,-678,-502,-540,-604,-695,-850,-816,-751,-816,-705,-661,-712,-506,-461,-475,-542,-518,-527,-503,-520,-454,-456,-504,-481,-475,-475,-453,-450,-405,-1231,-1214,-1230,-1207,-1215,-1215,-1482,-1434,-1343,-1220,-1652,-1141,-29981,-29982,-29994,-29995,-29995,-29996,-29997,-29998]} 1. d4 d5 2. c4 c6 3. Nf3 e6 4. Nc3 dxc4 5. e3 b5 6. a4 Bb4 7. Bd2 a5 8. axb5 Bxc3 9. Bxc3 cxb5 10. b3 Bb7 11. bxc4 b4 12. Bb2 Nf6 13. Bd3 O-O $1 {[%mdl 4] is currently scoring better than 13...Nbd7. D31: Queen's Gambit Declined: Semi-Slav without ...Nf6 (+ Marshall Gambit and Noteboom) and Exchange Variation lines without ...Nf6.} 14. O-O Qc7 15. c5 Nbd7 {The position is equal.} 16. Re1 Rfd8 {[#]} 17. Bb5 $146 ({Predecessor:} 17. Qc2 h6 18. e4 Bc6 19. Qd2 Rdb8 20. e5 Ne8 21. Bb1 a4 22. Qd3 Nf8 23. Re3 {1-0 (59) Gabler,E (1992)-Schnabel,B (2047) Willingen 2016}) 17... Bc6 18. Qa4 Bxb5 19. Qxb5 Rdb8 20. Qa4 $1 Ne4 21. Rec1 h6 22. Qc2 Qc6 $36 {[%mdl 2048] Black fights for an advantage.} 23. d5 (23. Qa4 $15 Rc8 24. Rd1) 23... exd5 $19 {[%cal Re4c5]} 24. Nd4 Qxc5 25. Qd3 (25. Qd1 $17 {keeps fighting.} Qf8 26. Nf5) 25... Ne5 {[%cal Bd7e5,Be5c4,Bc4b2,Bb2d3][%mdl 32]} 26. Qd1 $2 (26. Qe2 {was the only defense.} Qb6 27. Nf5) 26... Nc4 27. Nf5 (27. Rab1 $142 Nxb2 28. Rxb2) 27... Nxb2 28. Nxh6+ gxh6 29. Qg4+ Kf8 30. Rxc5 Nxc5 31. Qf4 {intending Qd6+.} Nbd3 32. Qxh6+ Ke7 33. Qg5+ Ke6 34. g4 Ne5 {[#] Strongly threatening ...Nf3+.} 35. Qf5+ Kd6 36. Rd1 b3 37. f4 {[#]} Ned3 $1 38. Qf6+ (38. Rxd3 Nxd3) 38... Kc7 39. Qxf7+ Kc6 40. Qg6+ Kb5 {Hoping for ...b2.} 41. Rxd3 Nxd3 42. Qxd3+ {[%mdl 4096] Endgame KQ-KRR} Ka4 {White must now prevent ...b2.} 43. Qxd5 (43. Qd4+ $142 Rb4 44. Qxd5) 43... Ka3 44. Qd3 Ka2 45. Qc4 a4 {[%cal Ba5a4,Ba4a3][%mdl 32]} 46. g5 Rc8 47. Qd5 a3 48. g6 Rd8 49. Qf7 Rd2 {Black mates.} 50. Kf1 Rc8 {[%cal Rc8c1]} 51. Ke1 Rg2 {[%cal Rc8c1]} 52. Kd1 Rcc2 {Av CentiPawn Loss W=-90/B=-29. Weighted=-77/-29} 0-1

[Event "DEN-ch KK 2020"]
[Site "Svendborg"]
[Date "2020.10.15"]
[Round "4.6"]
[White "Liu, Casper"]
[Black "Jaksland, Tim"]
[Result "1/2-1/2"]
[WhiteElo "2155"]
[BlackElo "2247"]
[Annotator "TA"]
[PlyCount "130"]
[EventDate "2020.10.09"]
[EventType "tourn"]
[EventCountry "DEN"]
[SourceTitle "playchess.com"]
[Source "ChessBase"]
[SourceQuality "1"]

{[%evp 9,130,15,24,-1,0,-3,-4,-5,14,19,36,27,34,17,37,31,68,64,95,95,99,67,56,50,112,112,118,130,157,147,148,160,219,219,262,267,347,339,356,349,357,358,338,343,550,627,621,612,609,618,602,347,885,885,1065,0,0,0,0,-11,0,0,0,0,0,-83,-6,-79,-29,-29,-29,-29,-29,-29,-29,-29,-29,-29,-29,-134,-28,-28,-28,-28,-28,-28,0,-28,-28,-28,-28,-134,-134,-134,-134,-134,-134,-134,-134,-134,-134,-134,-134,-134,-134,-134,-134,-134,-134,-134,-134,-134,-134,-134,-134,-134,-134,-134,-134,-134,-134,-134,0]} 1. e4 c5 2. Nc3 Nc6 3. Bb5 Nd4 4. Nf3 a6 5. Bd3 Nc6 {[#]} 6. Ne2 $146 {B23: Closed Sicilian: Lines without g3.} ({Predecessor:} 6. O-O d6 7. a3 g6 8. Rb1 Bg7 9. b4 cxb4 10. axb4 Nf6 11. h3 O-O 12. Re1 {1-0 (41) Lagarde,M (2657)-Mamedov,R (2654) Europe Echecs INT 2020}) 6... g6 7. c3 Bg7 8. O-O {The position is equal.} d6 9. Bc2 Bg4 10. Ne1 e5 11. h3 Be6 12. f4 f6 13. d4 cxd4 14. cxd4 exd4 15. Nxd4 Nxd4 16. Qxd4 Qc7 (16... Ne7 $14) 17. f5 $16 Bf7 18. Bf4 $36 {[%mdl 2048] Keeping Black busy.} Rd8 19. Rd1 {[%cal Rf4d6]} Ne7 20. Bxd6 Nc6 (20... Qc6 $16) 21. Qc5 $18 ({Resist} 21. Bxc7 $6 Rxd4 22. b3 Rxd1 $16) 21... Bf8 {[%cal Rf8d6]} 22. fxg6 ({Less strong is} 22. Bxc7 Bxc5+ 23. Kh2 Rxd1 $14) 22... Bxd6 23. gxf7+ Ke7 24. Qf5 Be5 25. Nf3 Nd4 26. Nxd4 Bxd4+ $2 (26... Rxd4 27. Bb3 Qd7) 27. Rxd4 Qb6 28. Kh1 {And now Rxd8 would win.} Qxd4 29. Bb3 Qe5 {and the idea ...Qxf5 leaves Black hopeful.} 30. Qg4 Rhf8 $2 (30... h5 31. Qg7 Rhf8) 31. Rf5 $1 {[%cal Rf5e5]} Qxb2 32. Rb5 $2 ({White must play} 32. Rc5 $18 {[%csl Gb3][%cal Rg4e6]} Kd6 33. Qf5 Qb1+ 34. Kh2 $1 {[%mdl 512]} Qxe4 35. Qxe4 Kxc5 36. Qxb7) 32... Rd1+ $1 $11 33. Qxd1 {[%cal Rb5b7]} axb5 {[%mdl 4096] Endgame KQR-KQB} 34. Qe1 {Qb4+ is the strong threat.} Qd4 {Threatening ...Rc8.} 35. Qc1 Qd6 36. Qh6 Rc8 37. Qe3 (37. f8=Q+ $11 {remains equal.} Rxf8 38. Qg7+ (38. Qxh7+ Kd8 $11) 38... Kd8 39. Qxb7) 37... b4 ({Black should try} 37... Qe5 $17 38. Qh6 Qxe4) 38. Bd5 (38. Qh6 $11 {keeps the balance.}) 38... Qc5 39. Qg3 Qc1+ 40. Kh2 Qc7 41. Qxc7+ Rxc7 {KR-KB} 42. Kg3 Rc2 43. Kf3 Rd2 {White must now prevent ...f5!} 44. g3 (44. Be6 $11) 44... h5 (44... Rd3+ $1 $17 45. Kf4 f5 $1 {[%mdl 512]} 46. Kxf5 Rxg3) 45. Be6 b6 46. Ke3 Rg2 47. Kf3 Rd2 48. Bb3 (48. Ke3 $5 {[%cal Re3d2]} Rh2 49. Kf3 $17) 48... Rh2 49. h4 Rd2 50. g4 {[#]} (50. Ke3 $11 Rg2 51. Kf4) 50... Rd3+ $1 $17 {Black is clearly better.} 51. Kf4 Rh3 52. gxh5 {aiming for Kg4.} Rxh4+ {[%mdl 64] Double Attack} 53. Ke3 Rxh5 54. Kd4 Rc5 55. Bd5 Rc1 56. Bb3 Rc8 57. Bd5 Rc5 58. Bb3 Rc7 59. Bd5 Kf8 60. e5 fxe5+ 61. Kxe5 Ke7 62. Bb3 Rc5+ 63. Kd4 Rc8 64. Bd5 Kd6 65. Bb3 Ke7 {Black escapes into a draw. Av CentiPawn Loss W=-27/B=-28. Weighted=-23/-34} (65... Rf8 $17 66. Ke4 Ke7) 1/2-1/2

[Event "DEN-ch KK 2020"]
[Site "Svendborg"]
[Date "2020.10.15"]
[Round "4.7"]
[White "Nordenbaek, Jan"]
[Black "Laursen, Niels Norskov"]
[Result "1/2-1/2"]
[WhiteElo "2238"]
[BlackElo "2247"]
[Annotator "TA"]
[PlyCount "129"]
[EventDate "2020.10.09"]
[EventType "tourn"]
[EventCountry "DEN"]
[SourceTitle "playchess.com"]
[Source "ChessBase"]
[SourceQuality "1"]

{[%evp 13,129,11,25,32,19,20,43,11,25,-12,-19,-37,-8,-31,-29,-19,-20,-16,0,-116,-108,-123,-117,-126,-112,-136,-89,-88,-88,-102,-91,-225,-55,-86,-62,-79,-83,-80,-68,-209,-236,-232,-91,-69,-8,-18,0,0,0,-37,0,0,0,-23,119,120,139,133,130,116,147,114,171,22,19,10,31,-4,-8,0,0,-9,-6,-50,22,3,26,23,34,19,22,9,77,-14,106,51,239,237,295,316,275,308,291,258,697,691,800,776,754,763,672,154,179,8,8,8,8,8,8,8,8,-8,8,8,8,8,8,8]} 1. e4 c5 2. Nf3 e6 3. Nc3 a6 4. d4 cxd4 5. Nxd4 Qc7 6. Bd3 Nf6 7. O-O d6 $1 {[%mdl 4] now scores much better than the old 7...Nc6. Played by Dmitry Andreikin in July 2020.} 8. Qf3 {B43: Sicilian: Kan Variation: 5 Nc3.} Nbd7 9. Qg3 g6 {[#]} 10. Nb3 $146 {White is slightly better.} ({Predecessor:} 10. Qh4 Bg7 11. Bh6 O-O 12. Bxg7 Kxg7 13. Kh1 Qc5 14. Nb3 Qc7 15. f4 b5 16. Ne2 {1-0 (28) Visakh,N (2489)-Pelin,A (1751) Alba Iulia 2018}) 10... Bg7 11. Bd2 O-O 12. Qh4 Re8 13. f4 b5 14. a3 Bb7 15. Rae1 d5 16. exd5 (16. e5 $11 Ne4 17. Nxe4 dxe4 18. Ba5) 16... Nxd5 $17 17. Nd1 Rac8 18. Kh1 Ba8 19. Rf2 Qd8 20. Qxd8 Rexd8 21. Ba5 Re8 22. c3 (22. Be4 $17 {might work better.}) 22... N7b6 $2 (22... Bh6 $19 23. Ne3 Nxf4) 23. Nd2 Rb8 24. Ne4 Rec8 25. Bb4 Rc6 26. Bd6 (26. Ne3 $15) 26... Rd8 $19 27. Be5 f6 (27... f5 $19 {has better winning chances.} 28. Ng5 Bxe5 29. fxe5 Nxc3 30. Nxc3 Rxd3) 28. Bd4 $17 Kf7 (28... f5 $15 29. Nc5 Nxf4 $1 {[%mdl 512]} 30. Rxf4 e5 31. Bxe5 Rxc5) 29. Bc2 h5 30. Kg1 Nc4 31. g3 Bf8 32. Rfe2 Be7 33. Bb1 Rh8 {[#]} (33... a5 $11) 34. Ng5+ $1 $16 {[%mdl 576] Discovered Attack} fxg5 35. Bxh8 gxf4 36. Be4 {Hoping for Bxd5.} Rc8 37. Bd4 e5 {[#]} (37... g5 $16 {was worth a try.}) 38. Bf2 (38. Bxe5 $1 $18 {[%mdl 512]} Nxe5 39. Bxd5+ {[%mdl 64] Discovered Attack} Bxd5 40. Rxe5 {[%mdl 64] Double Attack} Bc5+ 41. Nf2 fxg3 42. hxg3) 38... Bf6 39. Ba7 Rc7 40. Bf2 g5 41. gxf4 gxf4 42. Bf3 Ke6 43. h3 (43. b3 $5 {[%cal Rb3c4]} Nd6 44. Bd4 Rg7+ 45. Kf1 Ne3+ {[%mdl 64] Discovered Attack} 46. Rxe3 fxe3 47. Bxa8 exd4 48. cxd4 $11) 43... h4 (43... Rg7+ $15 44. Kh2 Bc6) 44. Bg4+ Kd6 45. b3 $36 {[%mdl 2048] White has some pressure.} Na5 $1 {[%cal Ra5b3]} 46. b4 Nc4 47. Bc5+ Kc6 (47... Rxc5 $11 48. bxc5+ Kxc5) 48. Kf2 (48. Nb2 $1 $16) 48... a5 {[#]} (48... Be7 $11) 49. Bf3 ({Better is} 49. Nb2 $1 $16 {[%cal Rb2c4] aiming for Nxc4.} Nce3 50. Bf3) 49... Rg7 $2 (49... Be7 $1 $14) 50. Nb2 $18 Rg3 51. Nxc4 Rxf3+ 52. Kxf3 bxc4 53. Rxe5 Kb5 $2 (53... Bxe5 54. Rxe5 axb4) 54. Re8 Bc6 55. Rb8+ Ka4 56. Re6 Nxb4+ 57. Rxc6 $2 (57. Ke2 $18 f3+ 58. Kf1) 57... Nxc6 {[%mdl 4096] Endgame [#] KRB-KBN} 58. Rb6 $2 ({White has to play} 58. Rc8 $1 $18 {[%cal Rc8c6]} Ne5+ 59. Kxf4 Nd3+ 60. Ke4 Bxc3 61. Be7) 58... Ne5+ $11 {The position is equal.} 59. Ke4 Nd7 {[%mdl 64] Double Attack} 60. Rc6 {Bf2 is the strong threat.} Kb5 {[%mdl 64] Double Attack} 61. Kd5 {Threatens to win with Rd6.} Bxc3 {Strongly threatening ...Nf6+.} 62. a4+ Kxa4 {And now ...f3 would win.} 63. Bd4 Bxd4 64. Rxc4+ {[%mdl 64] Double Attack} Kb3 {( -> ...Nb6+)} 65. Rxd4 {Both players deserved the win here. Av CentiPawn Loss W=-31/B=-32. Weighted=-27/-43} 1/2-1/2

[Event "DEN-ch KK 2020"]
[Site "Svendborg"]
[Date "2020.10.15"]
[Round "4.8"]
[White "Guindy, Esmat Susanne"]
[Black "Kolbak, Jens"]
[Result "0-1"]
[WhiteElo "2131"]
[BlackElo "2114"]
[Annotator "NA"]
[PlyCount "78"]
[EventDate "2020.10.09"]
[EventType "tourn"]
[EventCountry "DEN"]
[SourceTitle "playchess.com"]
[Source "ChessBase"]
[SourceQuality "1"]
[TimeControl "40/5400+30:1800+30"]

1. Nf3 {[%emt 0:00:00]} Nf6 {[%emt 0:00:10]} 2. c4 {[%emt 0:00:03]} e6 {[%emt 0:01:19]} 3. g3 {[%emt 0:01:34]} d5 {[%emt 0:01:43]} 4. Bg2 {[%emt 0:00:53]} Be7 {[%emt 0:00:24]} 5. O-O {[%emt 0:00:57]} O-O {[%emt 0:00:09]} 6. d4 {[%emt 0:01:40]} c6 {[%emt 0:03:38]} 7. Qc2 {[%emt 0:01:23]} Ne4 {[%emt 0:08:20]} 8. Nc3 {[%emt 0:03:51]} f5 {[%emt 0:02:06]} 9. Ne5 {[%emt 0:03:40]} Nd7 {[%emt 0:00:58]} 10. Rd1 {[%emt 0:14:46]} Qe8 {[%emt 0:14:58]} 11. f3 {[%emt 0:06:51]} Nxc3 {[%emt 0:06:14]} 12. Qxc3 {[%emt 0:02:07]} Nxe5 {[%emt 0:01:25]} 13. dxe5 {[%emt 0:00:13]} b5 {[%emt 0:08:04]} 14. cxb5 {[%emt 0:01:32]} cxb5 {[%emt 0:00:07]} 15. Be3 {[%emt 0:02:32]} b4 {[%emt 0:05:25]} 16. Qd2 {[%emt 0:04:36]} Qb5 {[%emt 0:04:31]} 17. Rac1 {[%emt 0:02:56]} a5 {[%emt 0:03:22]} 18. Rc7 {[%emt 0:04:06]} Bd8 {[%emt 0:00:23]} 19. Rc5 {[%emt 0:01:02]} Qb8 {[%emt 0:00:20]} 20. Rdc1 {[%emt 0:03:17]} Bd7 {[%emt 0:03:14]} 21. f4 {[%emt 0:06:45]} Kh8 {[%emt 0:03:08]} 22. R5c2 {[%emt 0:09:13]} Bb6 {[%emt 0:07:01]} 23. Bxb6 {[%emt 0:01:52]} Qxb6+ {[%emt 0:00:07]} 24. e3 {[%emt 0:00:14]} b3 {[%emt 0:06:39]} 25. axb3 {[%emt 0:00:25]} Qxb3 {[%emt 0:00:06]} 26. Rc7 {[%emt 0:05:53]} Bb5 {[%emt 0:03:23]} 27. Rb7 {[%emt 0:05:29]} Rab8 {[%emt 0:02:28]} 28. Rcc7 {[%emt 0:02:06]} Rxb7 {[%emt 0:00:49]} 29. Rxb7 {[%emt 0:00:26]} Qc4 {[%emt 0:01:39]} 30. b3 {[%emt 0:03:01]} Qc6 {[%emt 0:01:00]} 31. Ra7 {[%emt 0:00:35]} Ra8 {[%emt 0:02:33]} 32. Rxa5 {[%emt 0:07:46]} Rxa5 {[%emt 0:00:23]} 33. Qxa5 {[%emt 0:00:07]} Qc1+ {[%emt 0:00:11]} 34. Kf2 {[%emt 0:00:06]} Qc2+ {[%emt 0:00:29]} 35. Kg1 {[%emt 0:01:05]} Qd1+ {[%emt 0:01:16]} 36. Kf2 {[%emt 0:00:09]} Qe2+ {[%emt 0:00:07]} 37. Kg1 {[%emt 0:00:11]} Qxe3+ {[%emt 0:00:11]} 38. Kh1 {[%emt 0:00:08]} Qc1+ {[%emt 0:00:07]} 39. Bf1 {[%emt 0:00:04]} Qxf1# {[%emt 0:00:07]} 0-1

[Event "DEN-ch KK 2020"]
[Site "Svendborg"]
[Date "2020.10.15"]
[Round "4.9"]
[White "Meskenas, Paulius"]
[Black "Kistrup, Nicolai"]
[Result "0-1"]
[WhiteElo "2032"]
[BlackElo "2128"]
[Annotator "NA"]
[PlyCount "38"]
[EventDate "2020.10.09"]
[EventType "tourn"]
[EventCountry "DEN"]
[SourceTitle "playchess.com"]
[Source "ChessBase"]
[SourceQuality "1"]
[TimeControl "40/5400+30:1800+30"]

1. d4 {[%emt 0:00:00]} Nf6 {[%emt 0:01:01]} 2. Bf4 {[%emt 0:00:00]} e6 {[%emt 0:06:07]} 3. Nc3 {[%emt 0:04:52]} Bb4 {[%emt 0:07:59]} 4. Qd3 {[%emt 0:05:39]} d5 {[%emt 0:07:47]} 5. f3 {[%emt 0:00:49]} O-O {[%emt 0:13:19]} 6. g4 {[%emt 0:01:29]} c5 {[%emt 0:03:59]} 7. e3 {[%emt 0:01:39]} Nc6 {[%emt 0:05:31]} 8. Nge2 {[%emt 0:03:36]} Re8 {[%emt 0:06:33]} 9. Kf2 {[%emt 0:09:26]} e5 {[%emt 0:04:51]} 10. dxe5 {[%emt 0:01:44]} Nxe5 {[%emt 0:00:50]} 11. Bxe5 {[%emt 0:00:02]} Rxe5 {[%emt 0:00:09]} 12. Rd1 {[%emt 0:01:11]} Bxg4 {[%emt 0:05:20]} 13. Ng3 {[%emt 0:00:55]} Qe7 {[%emt 0:12:23]} 14. Be2 {[%emt 0:01:00]} c4 {[%emt 0:04:37]} 15. Qd2 {[%emt 0:03:17]} Bc5 {[%emt 0:00:41]} 16. Nf1 {[%emt 0:00:14]} Bh3 {[%emt 0:02:09]} 17. Re1 {[%emt 0:00:12]} Re8 {[%emt 0:05:59]} 18. Nd1 {[%emt 0:00:46]} Nh5 {[%emt 0:02:44]} 19. Ng3 {[%emt 0:02:02]} Rxe3 {[%emt 0:00:43]} 0-1